Ekologické inovácie v potravinárskom priemysle

Teoretická analýza a zovšeobecnenie poznatkov súvisiacich s ekologickými inováciami v potravinárskom priemysle. Implementácia zelených prvkov do výroby a výrobného procesu podniku. Ekologizácia výroby a riešenie environmentálnych problémov vo výrobných procesoch ako perspektívna oblasť súčasného aj...

Descrizione completa

Salvato in:
Dettagli Bibliografici
Autore principale: Biela, Alexandra
Natura: Capitolo di libro
Lingua:slovacco
Soggetti:
Tags: Aggiungi Tag
Nessun Tag, puoi essere il primo ad aggiungerne!!

MARC

LEADER 00000naa$a2200000$$$4500
001 0281098
005 20240521102344.9
041 0 |a slo 
044 |a SK 
245 1 0 |a Ekologické inovácie v potravinárskom priemysle  |c Alexandra Biela 
520 |a Teoretická analýza a zovšeobecnenie poznatkov súvisiacich s ekologickými inováciami v potravinárskom priemysle. Implementácia zelených prvkov do výroby a výrobného procesu podniku. Ekologizácia výroby a riešenie environmentálnych problémov vo výrobných procesoch ako perspektívna oblasť súčasného aj budúceho fungovania podnikov. Tvorba udržateľných princípov s prihliadnutím na ochranu životného prostredia. 
610 2 0 |a inovácie environmentálne 
610 2 0 |a priemysel potravinársky 
610 2 0 |a spotreba udržateľná 
610 2 0 |a ochrana prostredia životného 
610 2 0 |a správanie spotrebiteľa 
610 2 0 |a ekológia 
610 2 0 |a rozvoj trvalo udržateľný 
100 1 |a Biela, Alexandra